| 000 | 00488nam a2200193Ia 4500 | ||
|---|---|---|---|
| 005 | 20140314145101.0 | ||
| 008 | 140130s9999 xx 000 0 und d | ||
| 020 | _a059013213X | ||
| 050 |
_aPZ 7 _b.Ax96155Pi 1994 |
||
| 100 | _aAxelrod, Amy | ||
| 245 |
_cAxelrod, Amy _aPigs will be pigs / |
||
| 260 |
_bScholastic, _c1994. _aNew York : |
||
| 300 |
_a1 v. (unpaged) : _bcol. ill. ; _c23 cm. |
||
| 440 | _v1 | ||
| 521 | _aG2 | ||
| 526 | _c490 | ||
| 942 |
_cBK _2lcc |
||
| 999 |
_c40516 _d40516 |
||